000 00430nam a2200157Ia 4500
005 20250704021110.0
008 240331s9999 xx 000 0 und d
020 _a95520105109
082 _bPAN
_a954
100 _aPangakeerthi, Himi Hripitiye
245 0 _aGuptha adirajye ithihasaya
260 _aColombo
_bS. Godage & Brothers
_c1994
300 _a620 p .,
500 _aTranslation of History of the Gupta Empire
942 _cL
999 _c5287
_d5287